Human relations : principles and practices /
Introduction to human relations. Improving interpersonal communications. Building high self-esteem. Personal values influence ethical choices. Attitudes can shape your life...
Uloženo v:
| Hlavní autor: | |
|---|---|
| Další autoři: | |
| Médium: | Kniha |
| Jazyk: | English |
| Vydáno: |
Boston, MA :
Houghton Mifflin,
2000.
|
| Témata: | |
| Tagy: |
Přidat tag
Žádné tagy, Buďte první, kdo otaguje tento záznam!
|
| Thư viện lưu trữ: | Mạng thư viện Đại học Đà Nẵng |
|---|
| LEADER | 01085cam a2200349 i 4500 | ||
|---|---|---|---|
| 001 | 000048814 | ||
| 003 | 8540 | ||
| 005 | 20030310093042.0 | ||
| 008 | 010323|2000 vm 000 eng | ||
| 020 | |a 0395962463 | ||
| 040 | |a IRC |c IRC |d IRC | ||
| 041 | 0 | |a eng | |
| 082 | 1 | 4 | |a 302 |b RE-B |
| 100 | 1 | |a Reece, Barry L. | |
| 245 | 0 | 0 | |a Human relations : |b principles and practices / |c Barry L. Reece, Rhonda Brandt. |
| 260 | |a Boston, MA : |b Houghton Mifflin, |c 2000. | ||
| 300 | |a 277 p. : |b col. ill. ; |c 23.2cm. | ||
| 520 | 3 | |a Introduction to human relations. Improving interpersonal communications. Building high self-esteem. Personal values influence ethical choices. Attitudes can shape your life... | |
| 630 | 0 | 4 | |a Career development. |
| 650 | 0 | 4 | |a Interpersonal relations. |
| 650 | 0 | 4 | |a Career development. |
| 700 | 1 | |a Brandt, Rhonda. | |
| OWN | |a DUT | ||
| 999 | |a From the UDN01 | ||
| TYP | |a Monograph | ||
| TYP | |a Printed language | ||
| 980 | |a Mạng thư viện Đại học Đà Nẵng | ||


